Webster's new universal unabridged dictionary (Registro nro. 1742)
[ vista simple ]
| 000 -CABECERA | |
|---|---|
| Campo de control | 00786nam a2200217 a 4500 |
| 005 - FECHA Y HORA DE LA ULTIMA TRANSACCION | |
| Campo de control | 20160309140800.0 |
| 008 - ELEMENTOS DE LONGITUD FIJA—INFORMACION GENERAL | |
| Campo de control | 160309s1992 -usa fr|||| 001 0 eng d |
| 020 ## - ISBN | |
| ISBN | 1566191475 |
| 040 ## - FUENTE DE CATALOGACIÓN | |
| Agencia catalogadora original | CO-BoIAVH |
| Agencia transcriptora | CO-BoIAVH |
| 041 0# - IDIOMA | |
| Código de idioma para texto/pista de sonido o título separado | Inglés |
| 044 ## - PAÍS DE PUBLICACIÓN | |
| País de publicación | Estados Unidos |
| 090 ## - CLASIFICACIÓN LOCAL | |
| Colección | RE |
| Consecutivo | 00002 |
| 110 2# - ASIENTO PRINCIPAL--NOMBRE CORPORATIVO | |
| Nombre corporativo o de jurisdicción como elemento de entrada | Webster's New World Dictionaries |
| 9 (RLIN) | 63920 |
| 245 10 - MENCION DE TITULO | |
| Título | Webster's new universal unabridged dictionary |
| 260 ## - PUBLICACION, DISTRIBUCION, ETC. (PIE DE IMPRENTA) | |
| Lugar de publicación, distribución, etc. | Nueva York : |
| Nombre del editor, distribuidor, etc. | Barnes and Noble Books, |
| Fecha de publicación, distribución, etc. | 1992. |
| 300 ## - DESCRIPCION FISICA | |
| Extensión | 1854 páginas : |
| Otros detalles físicos | ilustraciones ; |
| Dimensiones | 29 x 22 centímetros |
| 650 #4 - ASIENTO SECUNDARIO DE MATERIA - TERMINO TEMATICO | |
| Término temático o nombre geográfico como elemento de entrada | Lengua inglesa |
| Subdivisión general | Diccionarios, enciclopedias, etc. |
| 9 (RLIN) | 63921 |
| 650 #4 - ASIENTO SECUNDARIO DE MATERIA - TERMINO TEMATICO | |
| Término temático o nombre geográfico como elemento de entrada | Lengua inglesa |
| Subdivisión general | terminología |
| Subdivisión de forma | Diccionarios, enciclopedias, etc. |
| 9 (RLIN) | 63922 |
| 650 #6 - ASIENTO SECUNDARIO DE MATERIA - TERMINO TEMATICO | |
| Término temático o nombre geográfico como elemento de entrada | Fonética |
| Subdivisión de forma | terminología |
| Subdivisión general | Diccionarios, enciclopedias, etc. |
| 9 (RLIN) | 63923 |
| 942 ## - ELEMENTOS ADICIONALES (KOHA) | |
| Tipo de ítem | Libro |
| Sistema de clasificación | Dewey Decimal Classification |
| Withdrawn status | Lost status | Sistema de Clasificación | Damaged status | No para préstamo | Colección | Inventariado | Ubicación Permanente | Ubicación actual | Fecha de adquisición | Fuente de Valor | Valor | Total Checkouts | Número topográfico | Inventario / Código de Barras | Date last seen | Ejemplar | Price effective from | Forma de adquisición | Tipo de material |
|---|---|---|---|---|---|---|---|---|---|---|---|---|---|---|---|---|---|---|---|
| Local | Referencia | Inventariado 2017 | Bogotá | Bogotá | 15/01/1998 | Instituto | 39000.00 | RE-00002 | 003790 | 04/12/2012 | Ej.1 | 04/12/2012 | Compra | Referencia |